000 00353nam a22001097a 4500
008 230605b xxu||||| |||| 00| 0 eng d
082 _a328.7305
_bSUL
245 _aConstitution Jefferson's Manual and Rules of the House of Representatives
_bof the United States One Hundred Tenth Congress
260 _awashington
_c2007
300 _a1435p
942 _2ddc
_cBK
999 _c274
_d274